00499nam a22001577a 4500003000200000005001700002008004100019040001600060100004000076130000700116245010200123260004000225300000900265650003500274700003200309020160609170256.0101216t xxu||||| |||| 00| 0 eng d aBUACcBEPAC aAgbinoukoun, Amélévi Sèmèvo lfr aGestion des réssources en eau (GRE) au Bénin:Apport quantitatif du bassin du fleuve ouémé aAbomey-CalavibEPAC-UACc26.APE/AGB a80p. aRESSOURCE EN EAUbFLEUVE OUEME aGbaguidi , Robert Fructueux